000 00638nam a2200217Ia 4500
003 GCL
008 140319s9999 xx 000 0 ara d
040 _aGCL /
_cGCL
082 0 4 _a355.12
_bم ق
100 1 _aمجدى محب حافظ
245 1 0 _aقانون الاسلحة والذخائر وفقا لاحدث التعديلات /
_cمجدى محب حافظ
260 _a[S.N] :
_bلا يوجد ،
_c1994
300 _a495 ص
490 _a
650 0 4 _aالقانون
650 0 4 _aالمدافع
650 0 4 _aالاسلحة والذخيرة
650 0 4 _aالبنادق
650 0 4 _aالمسدسات
942 _2ddc
_cBK
999 _c34336
_d34336